“锅巴”地点数量≥100的地级行政区 Prefectures with ≥100 "Guoba" sites - Statistics

General Stats
  • This quiz has been taken 26 times
  • The average score is 14 of 21
Answer Stats
地级行政区 数量 % Correct
北京 237
92%
南京 883
88%
上海 854
88%
合肥 384
88%
重庆 288
88%
成都 518
84%
苏州 228
84%
无锡 177
84%
郑州 118
84%
天津 671
80%
武汉 343
80%
西安 245
80%
常州 113
80%
杭州 229
72%
芜湖 189
64%
扬州 134
64%
阜阳 132
40%
襄阳 147
20%
盐城 116
20%
达州 110
16%
安康 106
4%
No matching quizzes found
Score Distribution
Percent of People with Each Score
Percentile by Number Answered
Your Score History
You have not taken this quiz